| 000 | 00612nam a2200241Ia 4500 | ||
|---|---|---|---|
| 003 | OSt | ||
| 005 | 20221005123918.0 | ||
| 006 | a|||||r|||| 00| 0 | ||
| 007 | ta | ||
| 008 | 221004b |||||||| |||| 00| 0 mal d | ||
| 024 | _a62091 | ||
| 037 | _cTextual | ||
| 040 |
_aCRL _cCRL _bmal |
||
| 041 |
_2mal _amal |
||
| 082 | _aO32,1M77,22, G3 | ||
| 100 |
_aParameswaraytar Au. _9634417 |
||
| 245 | 0 | _aMani manjusha | |
| 260 | _c1933 | ||
| 650 | _a KANNAD POETRY | ||
| 650 | _aKANNAD LITERATURE | ||
| 942 |
_hO32,1M77,22, G3 _cTEXL _2cc |
||
| 999 |
_c1048906 _d1048906 |
||